000 00363nam a22001457a 4500
003 OSt
005 20260316101222.0
007 469 pages
008 260316b |||||||| |||| 00| 0 eng d
040 _c
082 _a006.3
_bBAB
245 _aGenerative AI with python and tensor flow 2
_cBabcock Joseph
260 _bPACKT
_c2021
942 _2ddc
_cRB
_k006.3
_mBAB
_n0
999 _c36317
_d36317